| Tag |
First Indicator |
Second Indicator |
Subfields |
| LEADER |
00000cam a2200000Mi 4500 |
| 001 |
in00005636421 |
| 006 |
m o d |
| 007 |
cr |n|---||||a |
| 008 |
061024s2003 vau o 000 0 eng d |
| 005 |
20250331201301.3 |
| 035 |
|
|
|a (OCoLC)ocn156276977
|
| 040 |
|
|
|a UAB
|b eng
|e pn
|c UAB
|d OCLCG
|d TXJ
|d CPE
|d N15
|d ALSTP
|d OCLCQ
|d OCLCO
|d OCLCQ
|d IUA
|d OCLCQ
|d OCLCF
|d OCLCO
|d OCLCQ
|d OCLCO
|d RRP
|d UWO
|d YOU
|d OCLCQ
|d DCT
|d EYM
|d OCLCO
|d LVT
|d UAB
|d OCLCO
|d DKU
|d OCLCO
|d OCLCQ
|d OCLCO
|d OCLCL
|
| 019 |
|
|
|a 83677279
|a 593397566
|a 839708912
|a 839788870
|a 1066992228
|a 1110819053
|a 1194701860
|a 1237023940
|
| 035 |
|
|
|a (OCoLC)156276977
|z (OCoLC)83677279
|z (OCoLC)593397566
|z (OCoLC)839708912
|z (OCoLC)839788870
|z (OCoLC)1066992228
|z (OCoLC)1110819053
|z (OCoLC)1194701860
|z (OCoLC)1237023940
|
| 050 |
|
4 |
|a PN1997.A1
|
| 049 |
|
|
|a TXAM
|
| 100 |
1 |
|
|a Ward, David S.,
|d 1945-
|1 https://id.oclc.org/worldcat/entity/E39PBJxmH7VrCxkFgJYcddT4MP
|
| 245 |
1 |
4 |
|a The program (1993) :
|b shooting script /
|c by David S. Ward and Aaron Latham.
|
| 250 |
|
|
|a [1st electronic ed.].
|
| 260 |
|
|
|a Alexandria, VA :
|b Alexander Street Press,
|c 2003.
|
| 300 |
|
|
|a 1 online resource (118 pages).
|
| 336 |
|
|
|a text
|b txt
|2 rdacontent
|
| 337 |
|
|
|a computer
|b c
|2 rdamedia
|
| 338 |
|
|
|a online resource
|b cr
|2 rdacarrier
|
| 490 |
1 |
|
|a American film scripts online.
|
| 500 |
|
|
|a Title from HTML t.p. (viewed Dec. 10, 2006).
|
| 650 |
|
0 |
|a Motion picture plays.
|
| 650 |
|
6 |
|a Scénarios de cinéma.
|
| 650 |
|
7 |
|a screenplays.
|2 aat
|
| 650 |
|
7 |
|a Motion picture plays
|2 fast
|
| 655 |
|
7 |
|a Electronic books.
|2 local
|
| 655 |
|
7 |
|a screenplays.
|2 aat
|
| 655 |
|
7 |
|a Screenplays
|2 fast
|
| 655 |
|
7 |
|a Motion picture plays.
|2 gsafd
|
| 655 |
|
7 |
|a Screenplays.
|2 lcgft
|
| 655 |
|
7 |
|a Scénarios de cinéma.
|2 rvmgf
|
| 700 |
1 |
|
|a Latham, Aaron.
|
| 710 |
2 |
|
|a Alexander Street (Firm)
|
| 758 |
|
|
|i has work:
|a The program (1993) (Text)
|1 https://id.oclc.org/worldcat/entity/E39PCGbVfxrRWx9bMTwQ6fVcj3
|4 https://id.oclc.org/worldcat/ontology/hasWork
|
| 830 |
|
0 |
|a American film scripts online.
|
| 856 |
4 |
0 |
|u http://proxy.library.tamu.edu/login?url=https://www.aspresolver.com/aspresolver.asp?AFSO;FS000539
|z Connect to the full text of this electronic book
|t 0
|
| 955 |
|
|
|a Alexander Press - Film Scripts Online Vol. 1
|
| 994 |
|
|
|a 92
|b TXA
|
| 999 |
f |
f |
|s 1cc881ac-881f-41ee-9543-e7887f4e4e64
|i 8e07cba1-0fb9-47d8-b2c9-71f6c81a3c69
|t 0
|
| 952 |
f |
f |
|a Texas A&M University
|b College Station
|c Electronic Resources
|d Available Online
|t 0
|e PN1997.A1
|h Library of Congress classification
|
| 998 |
f |
f |
|a PN1997.A1
|t 0
|l Available Online
|